[Event "Memorial Dijalma Caiafa"]
[Site "Rio de Janeiro"]
[Date "2016.09.20"]
[Round "4.1"]
[White "Ramos Simoes, Leo"]
[Black "Frota, Alvaro"]
[Result "1-0"]
[WhiteElo "2016"]
[BlackElo "2146"]
[EventType "Swiss"]
[EventRounds "6"]
[EventCountry "BRA"]

1. e4 e5 2. Nf3 Nc6 3. Bb5 a6 4. Ba4 Nf6 5. O-O Be7 6. Re1 b5 7. Bb3 d6 8. c3
O-O 9. h3 Na5 10. Bc2 c5 11. d4 Qc7 12. b3 Re8 13. Bb2 Bf8 14. Nbd2 exd4 15.
cxd4 Bb7 16. e5 Nd7 17. Bxh7+ Kh8 18. Ng5 Qc6 19. Be4 {#r} 1-0

[Event "Memorial Dijalma Caiafa"]
[Site "Rio de Janeiro"]
[Date "2016.09.20"]
[Round "4.2"]
[White "Rodrigues, Nei Jorge"]
[Black "Santos, Alberto"]
[Result "0-1"]
[WhiteElo "2078"]
[BlackElo "2078"]
[EventType "Swiss"]
[EventRounds "6"]
[EventCountry "BRA"]

1. d4 f5 2. Nc3 Nf6 3. Bg5 e6 4. e4 fxe4 5. Nxe4 Be7 6. Bd3 Nxe4 7. Bxe7 Qxe7
8. Bxe4 O-O 9. Qd3 g6 10. h4 d5 11. Bf3 Qb4+ 12. c3 Qxb2 13. Rb1 Qxa2 14. Nh3
e5 15. dxe5 c6 16. Rd1 Bf5 17. Qe3 Re8 18. g4 Nd7 19. Kf1 Rxe5 20. Qh6 Bxg4
21. Ng5 Re7 22. h5 Bxf3 23. Rh4 Qe2+ {#R} 0-1

[Event "Memorial Dijalma Caiafa"]
[Site "Rio de Janeiro"]
[Date "2016.09.20"]
[Round "4.3"]
[White "Soares, Estevao Luis"]
[Black "Alves Rolim, Carlos"]
[Result "0-1"]
[WhiteElo "2032"]
[BlackElo "1925"]
[EventType "Swiss"]
[EventRounds "6"]
[EventCountry "BRA"]

1. e4 c5 2. Nc3 e6 3. g3 Nc6 4. Bg2 g6 5. f4 Bg7 6. Nf3 Nge7 7. O-O d6 8. d3
Bd7 9. Nb5 Qb8 10. c4 a6 11. Nc3 Nd4 12. Nh4 Bc6 13. f5 exf5 14. Nd5 Bxd5 15.
exd5 O-O 16. Re1 Qc7 17. Bg5 Rae8 18. Qd2 Kh8 19. Rab1 Ng8 20. b4 b6 21. Kh1
cxb4 22. Rxe8 Rxe8 23. Qxb4 h6 24. Bf4 Be5 25. Bxe5+ Rxe5 26. Nf3 Nxf3 27.
Bxf3 Re3 28. Kg2 Rxd3 29. Qb2+ Kh7 30. Qxb6 Qxc4 31. Rb2 g5 32. Qb7 Kg7 33.
Qc6 Qd4 34. Rc2 g4 35. Be2 Qxd5+ 36. Qxd5 Rxd5 37. Bxa6 Ra5 38. Bc8 Ne7 39.
Bd7 Kf6 40. a4 Nd5 41. Rd2 Ke7 42. Bc6 Nb6 43. Rb2 Nc4 44. Rb7+ Kf6 45. Be8
Ne5 46. Rb6 Rd5 47. Rb2 Nc4 48. Ra2 Ke7 49. Re2+ Re5 50. Rxe5+ dxe5 51. Bb5
Na5 52. Kf2 Nb7 53. Bc6 Na5 54. Bd5 f6 55. Ke3 Kd6 56. Bf7 Nc6 57. Be8 Nd4 58.
Kd3 Kc5 59. Bd7 Kb4 60. Ke3 Ka5 61. Kd3 Kb6 62. Be8 Nc6 63. Bd7 Ne7 64. Kc4
Kc7 65. Be8 f4 66. gxf4 exf4 67. Kd4 f5 68. Bf7 Nc6+ 69. Kc5 { Tempo} {#R} 0-1

[Event "Memorial Dijalma Caiafa"]
[Site "Rio de Janeiro"]
[Date "2016.09.20"]
[Round "4.4"]
[White "Tiomno, Luiz Sergio"]
[Black "Lima, Juarez"]
[Result "0-1"]
[WhiteElo "1646"]
[BlackElo "1989"]
[EventType "Swiss"]
[EventRounds "6"]
[EventCountry "BRA"]

1. e4 e5 2. Nf3 d6 3. Nc3 Nf6 4. Bc4 Be7 5. h3 O-O 6. d3 c6 7. Bg5 Nbd7 8. Bh4
Qa5 9. O-O b5 10. Bb3 Nc5 11. Re1 Be6 12. Ne2 Qc7 13. Bxe6 fxe6 14. b4 Na4 15.
a3 h6 16. c4 a6 17. Qc2 Rac8 18. Qb3 Qd7 19. Bg3 Nh5 20. Bh2 Kh7 21. Ng3 Nf4
22. Rac1 Nb6 23. c5 Na4 24. cxd6 Qxd6 25. Red1 Nxh3+ 26. Kf1 Ng5 27. Ne1 c5
28. bxc5 Rxc5 29. Ne2 Qb6 30. f3 Rfc8 31. Rxc5 Bxc5 32. Bxe5 Bf2 33. d4 Bxe1
34. Kxe1 Rc4 35. Kf1 Nf7 36. Bf4 Qd8 37. Bg3 Qg5 38. Bf2 Nd6 39. Qb1 Kg8 40.
d5 e5 41. Qa1 Qf6 42. Bg3 Rxe4 43. Nc3 Nxc3 44. Qxc3 Nc4 45. Bf2 Rf4 46. Kg1
Qg6 47. Re1 h5 48. a4 h4 49. axb5 axb5 50. Be3 Rxf3 51. g3 {#R} 0-1

[Event "Memorial Dijalma Caiafa"]
[Site "Rio de Janeiro"]
[Date "2016.09.20"]
[Round "4.5"]
[White "Von Calmbach, Guilherme"]
[Black "Rabello, David"]
[Result "1-0"]
[WhiteElo "1624"]
[BlackElo "1838"]
[EventType "Swiss"]
[EventRounds "6"]
[EventCountry "BRA"]

1. e4 b6 2. d4 Bb7 3. Nc3 e6 4. Nf3 Bb4 5. Bd3 Nf6 6. O-O Bxc3 7. bxc3 Nxe4 8.
Bxe4 Bxe4 9. Re1 d5 10. Ba3 Nd7 11. Nd2 Bf5 12. c4 Nf6 13. f3 Qd7 14. g4 Bg6
15. h4 h6 16. c3 Qc6 17. c5 b5 18. Nb3 a5 19. f4 O-O 20. Nd2 Ne4 21. Rc1 Nxc3
22. Rxc3 b4 23. Rg3 bxa3 24. Nf3 f6 25. Qb3 Be4 26. g5 fxg5 27. Ne5 Qe8 28.
fxg5 h5 29. c6 Rf4 30. Rh3 Qe7 31. Qe3 Raf8 32. Nd7 Rg4+ 33. Rg3 Rxg3+ 34.
Qxg3 Rc8 35. Nf6+ Kh8 36. Nxe4 dxe4 37. Rxe4 Qb4 38. Qe1 Qb2 39. Qe2 Rf8 40.
g6 Qc3 41. Qxh5+ {#r} 1-0

[Event "Memorial Dijalma Caiafa"]
[Site "Rio de Janeiro"]
[Date "2016.09.20"]
[Round "4.6"]
[White "Murilo, Sergio"]
[Black "da Luz, Luiz Alberto"]
[Result "0-1"]
[WhiteElo "1928"]
[BlackElo "1537"]
[EventType "Swiss"]
[EventRounds "6"]
[EventCountry "BRA"]

1. e4 c6 2. Nc3 d5 3. g3 dxe4 4. Nxe4 Bf5 5. Bg2 e6 6. Ne2 Nf6 7. N2c3 Nbd7 8.
O-O Nc5 9. Nxf6+ Qxf6 10. d3 Be7 11. Be3 O-O 12. Qd2 Rfd8 13. h4 h6 14. Qe2
Bh7 15. Rad1 Bf8 16. Qg4 Bf5 17. Qc4 Nd7 18. Qb3 Rab8 19. Bxa7 Nc5 20. Bxc5
Bxc5 21. Ne4 Bxe4 22. Bxe4 Bd4 23. c3 Be5 24. d4 Bc7 25. Kg2 Kh8 26. Qc4 g5
27. hxg5 Qxg5 28. Bf3 Rg8 29. g4 Qf4 30. Rfe1 Rg6 31. Re4 Rxg4+ 32. Bxg4 Qxe4+
33. f3 Qc2+ 34. Kf1 Qxd1+ 35. Kg2 Qd2+ 36. Kf1 Bg3 37. Qe2 Qxe2+ 38. Kxe2 Rd8
39. Kd3 Bc7 40. Bh5 Kg7 41. Bg4 Kf6 42. Bh5 e5 43. Ke4 exd4 44. cxd4 Bb6 45.
d5 cxd5+ 46. Kd3 Rd7 47. Bg4 Rd6 48. Bc8 Ke5 49. Bxb7 Kf4 50. Ke2 h5 51. Bc8
h4 52. b4 d4 53. Kd3 Kxf3 54. a4 Kg3 55. a5 Bd8 56. Bb7 f6 57. Be4 h3 58. Kc4
d3 59. Kc5 d2 60. Kxd6 d1=Q+ 61. Kc5 h2 62. a6 h1=Q 63. Bxh1 Qxh1 64. b5 Qg1+
65. Kc6 Bb6 66. Kb7 f5 67. Ka8 f4 68. Kb7 Qc5 {#R} 0-1

[Event "Memorial Dijalma Caiafa"]
[Site "Rio de Janeiro"]
[Date "2016.09.20"]
[Round "4.7"]
[White "Silveira, Jorge"]
[Black "Negreiros, Diogenes"]
[Result "0-1"]
[WhiteElo "1712"]
[BlackElo "1734"]
[EventType "Swiss"]
[EventRounds "6"]
[EventCountry "BRA"]

1. Nf3 d5 2. g3 Nf6 3. Bg2 c5 4. O-O Nc6 5. d3 e5 6. c4 d4 7. e3 Be7 8. exd4
cxd4 9. b4 Bxb4 10. Nxe5 Nxe5 11. Qa4+ Kf8 12. Qxb4+ Kg8 13. Qa3 Bf5 14. Rd1
Qd7 15. Bf4 Ng6 16. Bc1 Re8 17. Nd2 h5 18. Nf3 h4 19. Bg5 hxg3 20. fxg3 Ng4
21. Re1 Ne3 22. Bxe3 dxe3 23. d4 Bh3 24. Rxe3 Bxg2 25. Rxe8+ Qxe8 26. Kxg2
Qe2+ 27. Kg1 Qxc4 28. Rc1 Qe6 29. Qxa7 Qe3+ {#R} 0-1

[Event "Memorial Dijalma Caiafa"]
[Site "Rio de Janeiro"]
[Date "2016.09.20"]
[Round "4.8"]
[White "Madeu, Fernando"]
[Black "Luz da Costa, Carlos"]
[Result "1-0"]
[WhiteElo "2012"]
[BlackElo "1593"]
[EventType "Swiss"]
[EventRounds "6"]
[EventCountry "BRA"]

1. e4 g6 2. d4 Bg7 3. Nc3 d6 4. f4 e6 5. Nf3 Ne7 6. Be2 Nd7 7. O-O a6 8. Be3
b5 9. a3 Bb7 10. Qd2 O-O 11. Rad1 Nb6 12. b3 d5 13. Bd3 dxe4 14. Bxe4 Bxe4 15.
Nxe4 Nf5 16. Bf2 Qd5 17. Qe2 Rfd8 18. Ne5 f6 19. c4 Qb7 20. Ng4 Nd7 21. d5
exd5 22. Rxd5 Ne7 23. Rxd7 Rxd7 24. Ngxf6+ Kh8 25. Nxd7 Nf5 26. Ne5 Rd8 {#r}
1-0

[Event "Memorial Dijalma Caiafa"]
[Site "Rio de Janeiro"]
[Date "2016.09.20"]
[Round "4.9"]
[White "Pinon, Antonio"]
[Black "Faraco, Pedro"]
[Result "0-1"]
[WhiteElo "1833"]
[BlackElo "1431"]
[EventType "Swiss"]
[EventRounds "6"]
[EventCountry "BRA"]

1. d4 d5 2. Bf4 c5 3. e3 e6 4. c3 Nf6 5. Nd2 Nc6 6. Bd3 Be7 7. Ngf3 Nh5 8. Bg3
Nxg3 9. hxg3 h6 10. Ne5 Qb6 11. Nxc6 bxc6 12. b3 cxd4 13. exd4 c5 14. dxc5
Bxc5 15. Qe2 Bd7 16. b4 Be7 17. a4 Bf6 18. a5 Qd6 19. Ra3 Rc8 20. Nb1 d4 21.
O-O dxc3 22. b5 O-O 23. Rd1 Qb4 24. Qc2 Bxb5 25. Bxb5 Qxb5 26. Nxc3 Qb4 27.
Rb3 Qxa5 28. Rd3 Rc7 29. Qd2 Rfc8 30. Nd5 Qxd2 31. Nxf6+ gxf6 32. Rxd2 Rc1+
33. Kh2 a5 34. Ra2 Ra8 35. Rb5 a4 36. Rb4 Ra5 37. Raxa4 Rh5+ 38. Rh4 Rxh4+ 39.
gxh4 Rc5 40. g4 Kg7 41. h5 f5 42. f3 Kf6 43. Kg3 fxg4 44. Rf4+ Rf5 45. Rxg4
Rg5 46. Kh4 Rxg4+ 47. Kxg4 e5 48. f4 e4 49. f5 Ke5 50. f6 Kd4 51. Kf4 e3 52.
Kf3 Kd3 {#R} 0-1

[Event "Memorial Dijalma Caiafa"]
[Site "Rio de Janeiro"]
[Date "2016.09.27"]
[Round "5.1"]
[White "Santos, Alberto"]
[Black "Ramos Simoes, Leo"]
[Result "1-0"]
[WhiteElo "2078"]
[BlackElo "2016"]
[EventType "Swiss"]
[EventRounds "6"]
[EventCountry "BRA"]

1. d4 Nf6 2. c4 g6 3. Nc3 Bg7 4. e4 d6 5. Bd3 Nbd7 6. Nge2 O-O 7. h3 e5 8. d5
a5 9. Be3 b6 10. b3 Nc5 11. Bc2 Nh5 12. g4 Nf4 13. Nxf4 exf4 14. Bd4 Re8 15.
Bxg7 Kxg7 16. Qd4+ Qf6 17. Qxf6+ Kxf6 18. f3 Kg7 19. Kf2 h6 20. h4 f6 21. Ne2
g5 22. hxg5 fxg5 23. Nd4 Bd7 24. Rae1 Re5 25. Re2 Rh8 26. a3 Kf6 27. Ke1 Re7
28. Kd2 Ke5 29. Kc3 Reh7 30. Reh2 Be8 31. b4 axb4+ 32. axb4 Na4+ 33. Bxa4 Bxa4
34. b5 h5 35. Rxh5 Rxh5 36. gxh5 g4 37. Nc6+ Kf6 38. fxg4 Kg5 39. e5 Kxg4 40.
e6 Kg3 41. Nd4 Kg2 42. Ra1 Bxb5 43. cxb5 Rxh5 44. Re1 Re5 45. Rxe5 dxe5 46. e7
exd4+ 47. Kxd4 f3 48. e8=Q f2 49. Qg6+ Kh1 50. Qf5 Kg1 51. Qg4+ Kh1 52. Qf3+
Kg1 53. Qg3+ {#r} 1-0

[Event "Memorial Dijalma Caiafa"]
[Site "Rio de Janeiro"]
[Date "2016.09.27"]
[Round "5.2"]
[White "Alves Rolim, Carlos"]
[Black "Von Calmbach, Guilherme"]
[Result "0-1"]
[WhiteElo "1925"]
[BlackElo "1624"]
[EventType "Swiss"]
[EventRounds "6"]
[EventCountry "BRA"]

1. d4 Nf6 2. c4 e6 3. Nc3 Bb4 4. Qc2 b6 5. Bg5 Bb7 6. f3 O-O 7. e4 h6 8. Bh4
Be7 9. Bd3 d5 10. cxd5 exd5 11. e5 Nfd7 12. Bf2 c5 13. Nge2 cxd4 14. Bxd4 Nc5
15. Bh7+ Kh8 16. O-O Nc6 17. f4 Ne6 18. Rad1 Rc8 19. a3 Ncxd4 20. Nxd4 Nxd4
21. Rxd4 Bc5 22. Rd1 g6 23. Bxg6 fxg6 24. Qxg6 Rc6 25. Qg4 Bc8 26. Qf3 Be6 27.
Kh1 Bxd4 28. Rxd4 Rc4 29. Ne2 Qc8 30. h3 Qc5 31. Rd1 d4 32. Kh2 Bd5 33. Qh5
Kh7 34. f5 Bf7 35. Qf3 Qxe5+ 36. Ng3 Rg8 37. Rd3 Bd5 38. Qf2 Be4 39. Rd2 d3
40. Qe3 Rc2 41. Rxc2 Rxg3 42. Rc7+ Rg7+ {#R} 0-1

[Event "Memorial Dijalma Caiafa"]
[Site "Rio de Janeiro"]
[Date "2016.09.26"]
[Round "5.3"]
[White "Frota, Alvaro"]
[Black "Rodrigues, Nei Jorge"]
[Result "1-0"]
[WhiteElo "2146"]
[BlackElo "2078"]
[EventType "Swiss"]
[EventRounds "6"]
[EventCountry "BRA"]

1. e4 e6 2. d4 d5 3. Nc3 dxe4 4. Nxe4 Nd7 5. Nf3 Ngf6 6. Nxf6+ Nxf6 7. Bg5 Be7
8. Bd3 O-O 9. Qd2 b6 10. Bxf6 Bxf6 11. Be4 Rb8 12. Qd3 h6 13. h4 c5 14. O-O-O
cxd4 15. g4 Re8 16. Kb1 e5 17. g5 hxg5 18. hxg5 Bxg5 19. Rdg1 Bf4 20. Bc6 e4
21. Bxe4 Qf6 22. Nxd4 Rd8 23. c3 Bd7 24. Bd5 Bh6 25. Rg6 Bf5 26. Nxf5 Rxd5 27.
Qxd5 Rd8 28. Nxh6+ {#r} 1-0

[Event "Memorial Dijalma Caiafa"]
[Site "Rio de Janeiro"]
[Date "2016.09.27"]
[Round "5.4"]
[White "Negreiros, Diogenes"]
[Black "da Luz, Luiz Alberto"]
[Result "1-0"]
[WhiteElo "1734"]
[BlackElo "1537"]
[EventType "Swiss"]
[EventRounds "6"]
[EventCountry "BRA"]

1. e4 c6 2. d4 d5 3. Nc3 dxe4 4. Nxe4 Bf5 5. Ng3 Bg6 6. Nf3 Nd7 7. Bc4 e6 8.
O-O Ngf6 9. Re1 Be7 10. Nh4 Nd5 11. Nxg6 hxg6 12. c3 Qc7 13. Qf3 N7f6 14. Bg5
O-O-O 15. b4 a6 16. a4 b5 17. axb5 cxb5 18. Bxd5 Rxd5 19. Rxa6 Kd7 20. Bf4 Bd6
21. Rea1 Bxf4 22. Ra7 Rc8 23. Rxc7+ Bxc7 24. Ne4 Nxe4 25. Qxe4 Ke8 26. Ra6 Kf8
27. g3 Bd8 28. Rxe6 {#r} 1-0

[Event "Memorial Dijalma Caiafa"]
[Site "Rio de Janeiro"]
[Date "2016.09.27"]
[Round "5.5"]
[White "Rovedo, Salomao"]
[Black "Soares, Estevao Luis"]
[Result "0-1"]
[WhiteElo "1628"]
[BlackElo "2032"]
[EventType "Swiss"]
[EventRounds "6"]
[EventCountry "BRA"]

1. d4 Nf6 2. Bg5 Ne4 3. f4 c5 4. Nc3 Qa5 5. Qd3 Nc6 6. d5 Nxc3 7. bxc3 Nd4 8.
e3 Nf5 9. g4 c4 10. Qd2 Nd6 11. Bg2 g6 12. e4 Bg7 13. e5 Nb5 14. Ne2 d6 15.
Bf3 dxe5 {#R} 0-1

[Event "Memorial Dijalma Caiafa"]
[Site "Rio de Janeiro"]
[Date "2016.09.27"]
[Round "5.6"]
[White "Faraco, Pedro"]
[Black "Madeu, Fernando"]
[Result "0-1"]
[WhiteElo "1431"]
[BlackElo "2012"]
[EventType "Swiss"]
[EventRounds "6"]
[EventCountry "BRA"]

1. d4 d5 2. Bf4 Nf6 3. c3 c5 4. e3 Nc6 5. Nd2 e6 6. Bd3 Bd6 7. Bxd6 Qxd6 8.
Ngf3 e5 9. dxe5 Nxe5 10. Nxe5 Qxe5 11. Bb5+ Bd7 12. Nf3 Qe7 13. Qb3 O-O 14.
Rd1 Rfd8 15. O-O Bg4 16. Be2 Rac8 17. Rfe1 h6 18. h3 Bf5 19. c4 Be6 20. cxd5
Bxd5 21. Qa4 a6 22. b3 Ne4 23. Qa5 Qf6 24. Rd3 Bc6 25. Red1 Rxd3 26. Rxd3 Bb5
{#R} 0-1

[Event "Memorial Dijalma Caiafa"]
[Site "Rio de Janeiro"]
[Date "2016.09.27"]
[Round "5.11"]
[White "Weibull, Oscar"]
[Black "Luz da Costa, Carlos"]
[Result "0-1"]
[WhiteElo "1521"]
[BlackElo "1593"]
[EventType "Swiss"]
[EventRounds "6"]
[EventCountry "BRA"]

1. Nc3 Nf6 2. Nf3 d5 3. d4 Nbd7 4. Bf4 a6 5. e3 e6 6. Bd3 c5 7. b3 cxd4 8.
exd4 Bb4 9. Bd2 Qa5 10. Nb1 Bxd2+ 11. Nbxd2 O-O 12. O-O Nh5 13. c4 Nf4 14. Bc2
Nf6 15. Ne5 dxc4 16. Ndxc4 Qd5 17. Ne3 Qd8 18. Qf3 N4d5 19. Qh3 Bd7 20. N5g4
Rc8 21. Bd1 Bb5 22. Re1 Nxg4 23. Nxg4 Qg5 24. Re5 Qd2 25. Qf3 Rc3 26. Ne3 Rfc8
27. h3 Bc6 28. Nf1 Qxd4 29. Qh5 Nf6 30. Qe2 Bb5 31. Qe1 Rc1 32. Rxc1 Rxc1 33.
Nd2 Qa1 34. Kh2 Rxd1 35. Qe3 Nd5 36. Rxd5 exd5 37. Qe7 Re1 38. Qd8+ Re8 39.
Qb6 Qe5+ 40. g3 Qe2 41. a4 Bc6 42. Nb1 d4 43. Qxd4 Qf3 {#R} 0-1

[Event "Memorial Dijalma Caiafa"]
[Site "Rio de Janeiro"]
[Date "2016.10.04"]
[Round "6.1"]
[White "Frota, Alvaro"]
[Black "Santos, Alberto"]
[Result "0-1"]
[WhiteElo "2146"]
[BlackElo "2078"]
[EventType "Swiss"]
[EventRounds "6"]
[EventCountry "BRA"]

1. e4 Nc6 2. d4 d5 3. e5 Bf5 4. Bd3 Qd7 5. c3 O-O-O 6. Nf3 f6 7. O-O Bxd3 8.
Qxd3 e6 9. Re1 f5 10. b4 h6 11. Nbd2 g5 12. Nb3 Qh7 13. Qb5 f4 14. Nc5 Bxc5
15. dxc5 Nge7 16. Qa4 a6 17. b5 axb5 18. Qxb5 g4 19. Nd4 Nxd4 20. cxd4 Qf5 21.
c6 bxc6 22. Qc5 Kd7 23. Ba3 Qg5 24. Rec1 Ra8 25. Qxe7+ Qxe7 26. Bxe7 Kxe7 27.
Rxc6 Ra7 28. h4 Kd7 29. Rac1 Rb8 30. a4 Rb4 31. a5 Rxd4 32. R6c3 Ra4 {#R} 0-1

[Event "Memorial Dijalma Caiafa"]
[Site "Rio de Janeiro"]
[Date "2016.10.04"]
[Round "6.2"]
[White "Von Calmbach, Guilherme"]
[Black "Ramos Simoes, Leo"]
[Result "0-1"]
[WhiteElo "1624"]
[BlackElo "2016"]
[EventType "Swiss"]
[EventRounds "6"]
[EventCountry "BRA"]

1. d4 d5 2. e3 f5 3. f4 Nf6 4. Bd3 g6 5. Nf3 Bg7 6. O-O O-O 7. c3 b6 8. Qe1 c5
9. Bc2 Ba6 10. Rf2 Nc6 11. Nbd2 Ng4 12. Ne5 Ncxe5 13. fxe5 Nxf2 14. Qxf2 e6
15. Nf3 g5 16. h4 g4 17. Nh2 cxd4 18. exd4 Qe8 19. a4 Qh5 20. Bg5 Rf7 21. g3
Raf8 22. Bd1 Bd3 23. b3 Qg6 24. Rc1 h5 25. Nf1 Bh6 26. Bf4 Kh7 27. Ne3 Bxf4
28. Qxf4 Qh6 29. Qxh6+ Kxh6 30. Ng2 Be4 31. Nf4 Re7 32. Kf2 Rc8 33. Ke3 Rec7
34. Kd2 Rc6 35. Be2 b5 36. Bxb5 Rb6 37. b4 Rc7 38. Be8 a5 39. bxa5 Rb2+ 40.
Ke3 Ra7 41. Bb5 Re7 42. a6 Bc2 43. Rxc2 Rxc2 44. Kd3 Rf2 45. Ne2 Rg7 46. Bc6
f4 47. Bb7 fxg3 48. a7 Rg8 49. a8=Q Rxa8 50. Bxa8 g2 {#R} 0-1

[Event "Memorial Dijalma Caiafa"]
[Site "Rio de Janeiro"]
[Date "2016.10.04"]
[Round "6.3"]
[White "Negreiros, Diogenes"]
[Black "Alves Rolim, Carlos"]
[Result "0-1"]
[WhiteElo "1734"]
[BlackElo "1925"]
[EventType "Swiss"]
[EventRounds "6"]
[EventCountry "BRA"]

1. e4 c5 2. Nf3 e6 3. d4 cxd4 4. Nxd4 Nf6 5. Nc3 Bb4 6. Bd3 Nc6 7. Be3 d5 8.
Nxc6 bxc6 9. e5 d4 10. Bc4 dxc3 11. Qxd8+ Kxd8 12. O-O-O+ Nd7 13. Rd3 cxb2+
14. Kb1 Kc7 15. Rhd1 Nb6 16. Bb3 Ba6 17. Bxb6+ Kxb6 18. c4 Rab8 19. f4 f6 20.
f5 exf5 21. e6 Rhe8 22. Rd7 Rb7 23. h4 Bc5 24. a4 Rxe6 25. Kxb2 Re2+ 26. Kc3
Rxg2 27. a5+ Kxa5 28. Rxb7 Bxb7 29. Rd7 Kb6 30. Bc2 Rg3+ 31. Kb2 Bc8 32. Rd8
Be6 33. Bb3 f4 34. Rd1 f3 35. Rd3 Rg2+ 36. Kc3 f2 37. Rf3 Rg1 {#R} 0-1

[Event "Memorial Dijalma Caiafa"]
[Site "Rio de Janeiro"]
[Date "2016.10.04"]
[Round "6.4"]
[White "Soares, Estevao Luis"]
[Black "Madeu, Fernando"]
[Result "0-1"]
[WhiteElo "2032"]
[BlackElo "2012"]
[EventType "Swiss"]
[EventRounds "6"]
[EventCountry "BRA"]

1. e4 g6 2. f4 c6 3. Nf3 d5 4. e5 Bg4 5. h3 Bxf3 6. Qxf3 h5 7. e6 Nh6 8. exf7+
Kxf7 9. Bd3 Nf5 10. O-O e6 11. Bxf5 exf5 12. d4 Nd7 13. c4 Nf6 14. Nc3 dxc4
15. Rd1 Nd5 16. Qe2 Nxc3 17. bxc3 Qd5 18. Rb1 b6 19. Re1 Bd6 20. Qf2 Rhe8 21.
Bd2 Rad8 22. Re5 Bxe5 23. fxe5 Rxe5 24. Bg5 Re4 25. Bxd8 Qxd8 26. Qg3 Qe7 27.
Rf1 Re3 28. Qf4 Kg7 29. Rf3 Re4 30. Qb8 Re2 31. Kh2 h4 32. Qf4 Qe4 33. Qc7+
Kh6 34. Qf4+ Qxf4+ 35. Rxf4 Kg5 36. Rf3 f4 37. Rf1 Kf5 38. Kg1 Ke4 39. Rb1 Kd3
40. d5 cxd5 41. Rb5 Re5 42. a4 Kxc3 43. a5 bxa5 44. Rxa5 Re1+ 45. Kf2 Rd1 46.
Rxa7 Kd3 47. Rd7 d4 48. Rf7 g5 {#R} 0-1

[Event "Memorial Dijalma Caiafa"]
[Site "Rio de Janeiro"]
[Date "2016.10.04"]
[Round "6.5"]
[White "Rabello, David"]
[Black "Silveira, Jorge"]
[Result "1-0"]
[WhiteElo "1838"]
[BlackElo "1712"]
[EventType "Swiss"]
[EventRounds "6"]
[EventCountry "BRA"]

1. e4 g6 2. d4 Bg7 3. Nf3 c5 4. Nc3 cxd4 5. Nxd4 Nc6 6. Be3 Nf6 7. Be2 O-O 8.
Qd2 a6 9. O-O d5 10. Nxc6 bxc6 11. exd5 Nxd5 12. Rad1 Bxc3 13. bxc3 Be6 14.
Bd4 Nf6 15. Qh6 Qa5 16. g4 Rfd8 17. g5 Rxd4 18. gxf6 exf6 19. Rxd4 g5 20. Qxf6
Qf5 21. Qxf5 Bxf5 22. Bd3 Be6 23. a3 {#r} 1-0

[Event "Memorial Dijalma Caiafa"]
[Site "Rio de Janeiro"]
[Date "2016.10.04"]
[Round "6.6"]
[White "Rodrigues, Nei Jorge"]
[Black "Murilo, Sergio"]
[Result "1/2-1/2"]
[WhiteElo "2078"]
[BlackElo "1928"]
[EventType "Swiss"]
[EventRounds "6"]
[EventCountry "BRA"]

1. d4 Nf6 2. Nf3 d5 3. c4 e6 4. Nc3 c6 5. Bg5 Bb4 6. a3 Bxc3+ 7. bxc3 Nbd7 8.
Nd2 Qa5 9. Qc2 O-O 10. Nb3 Qa4 11. cxd5 exd5 12. e3 Re8 13. Bd3 Ne4 14. Bf4 b6
15. f3 Nef6 16. Kf2 Ba6 17. Rhb1 Bc4 18. Nd2 Qxc2 19. Bxc2 Ba6 20. a4 g6 21.
a5 Bb5 22. h3 Nh5 23. Bh6 f5 24. g4 fxg4 25. hxg4 Ng7 26. axb6 axb6 27. e4 Bc4
28. Nxc4 dxc4 29. f4 b5 30. f5 Nf6 31. Kf3 gxf5 32. gxf5 Rxa1 33. Rxa1 Rf8 34.
Ra6 Rc8 35. Ra7 Nge8 36. e5 Nd5 37. f6 Rc7 38. Rxc7 Nexc7 39. Bxh7+ Kxh7 40.
f7 Ne6 41. f8=Q Nxf8 42. Bxf8 Kg8 43. Bb4 Kf7 44. Ke4 Ke6 45. Ba5 {#d} 1/2-1/2

[Event "Memorial Dijalma Caiafa"]
[Site "Rio de Janeiro"]
[Date "2016.10.04"]
[Round "6.7"]
[White "da Luz, Luiz Alberto"]
[Black "Tiomno, Luiz Sergio"]
[Result "0-1"]
[WhiteElo "1537"]
[BlackElo "1646"]
[EventType "Swiss"]
[EventRounds "6"]
[EventCountry "BRA"]

1. e4 e6 2. d4 g6 3. Nf3 h6 4. c4 Bg7 5. Nc3 Ne7 6. Be2 b6 7. O-O Bb7 8. d5
O-O 9. Bd2 e5 10. Qc1 Kh7 11. h3 Ng8 12. g3 d6 13. Nh2 Nf6 14. f4 exf4 15.
Rxf4 Nbd7 16. Qc2 Ne5 17. Raf1 Bc8 18. g4 Qe7 19. Be1 Bd7 20. b3 a6 21. Nd1 c5
22. Bc3 Ng8 23. Be1 b5 24. Ne3 b4 25. Ng2 g5 26. R4f2 Kh8 27. Nf3 a5 28. Ne3
Ng6 29. Kh2 Nf4 30. Nf5 Bxf5 31. gxf5 Be5 32. Nxe5 Qxe5 33. Rxf4 gxf4 34. Bf3
Nf6 35. Rg1 Rg8 36. Bg2 f3+ 37. Bg3 Qxg3+ 38. Kh1 fxg2+ 39. Rxg2 Qxh3+ {#R}
0-1

[Event "Memorial Dijalma Caiafa"]
[Site "Rio de Janeiro"]
[Date "2016.10.04"]
[Round "6.9"]
[White "Luz da Costa, Carlos"]
[Black "Faraco, Pedro"]
[Result "1-0"]
[WhiteElo "1593"]
[BlackElo "1431"]
[EventType "Swiss"]
[EventRounds "6"]
[EventCountry "BRA"]

1.d4 d5 2.Nf3 e6 3.Bf4 c5 4.e3 Nf6 5.c3 Nbd7 6.Nbd2 Nh5 7.Bg5 f6 8.Bh4 g5
9.Nxg5 Ng7 10.Ngf3 Qb6 11.Qc2 Nf5 12.Bg3 Bd6 13.Bd3 Nxg3 14.hxg3 Nf8 15.Bxh7
f5 16.Ng5 Qc7 17.Qd1 Qg7 18.Qh5+ Kd7 19.O-O-O Kc7 20.Qf7+ Qxf7 21.Nxf7 Rxh7
22.Nxd6 Kxd6 23.dxc5+ Kxc5 24.Rh3 Rxh3 25.gxh3 Ng6 26.Nf3 Bd7 27.h4 Rh8 28.Rh1
Kd6 29.Ng5 Ke7 30.f4 Rh5 31.Rd1 Nh8 32.Kd2 Nf7 33.Nf3 Rh8 34.Ke2 Bb5+ 35.Kf2
Nh6 36.Nh2 Ng4+ 37.Nxg4 fxg4 38.Rd4 Rc8 39.Rb4 Bc6 40.Ke2 Kd6 41.Rd4 Bb5+
42.Kd2 Rc4 43.Rxc4 dxc4 44.e4 e5 45.Ke3 Bc6 46.h5 Be8 47.h6 Bg6 48.f5 Bh7
49.b3 b5 50.Kd2 Ke7 51.Kc2 Kf6 52.Kb2 Kg5 53.bxc4 bxc4 54.Ka3 Kxh6 55.Kb4 Bg8
56.Kc5 Kg5 57.Kd6 Kf6 58.a4 a5 59.Kc6 Ke7 60.Kb6 Kd6 61.Kxa5 Kc7 62.Ka6 Kc6
63.a5 Bf7 64.Ka7 Kc7 65.Ka6 Be8 66.f6 Kc6 67.Ka7 Kc7 68.Ka6 Bf7 69.Kb5 Kb7
70.Kc5 Ka6 71.Kd6 Kxa5 72.Kxe5 Kb5 73.Kd6 Kb6 74.e5 {#r} 1-0